000
00290cam a2200133ua 4500
041
_a
mal
_h
082
_a
894.8122
_b
NNP/PR
100
_a
N N Pillai, .
245
_a
Prethalokam /
_c
N N Pillai.
_h
Textual Documents
300
_a
129 ; .
504
_a
942
_c
BK
999
_c
7222
_d
7222